Normal view
MARC view
Entry Uniform Title
001 - CONTROL NUMBER
- control field: 15765
003 - CONTROL NUMBER IDENTIFIER
- control field: BD-RjUL
005 - DATE AND TIME OF LATEST TRANSACTION
- control field: 20250625120000.0
008 - FIXED-LENGTH DATA ELEMENTS
- fixed length control field: 250625|| aca||aabn | a|a d
040 ## - CATALOGING SOURCE
- Original cataloging agency: BD-RjUL
- Transcribing agency: BD-RjUL
130 ## - HEADING--UNIFORM TITLE
- Uniform title: Silsilah-yi mat̤būʿāt-i Anjuman Taraqqī-yi Urdū Pākistān,
670 ## - SOURCE DATA FOUND
- Source citation: Work cat.: (BD-RjUL)85051: عبادت برىلوى;; Ibādat Barelvī 1999-1920 15764, رواىت کى اهمىت : چند تحقىقى و تنقىدى مقالات کا اىک مجموعه ;; Rivāyat kī ahamiyat : cand taḥqīqī va tanqīdī maqālāt kā ek majmūʻah /, 1953